Funcionamiento Administrativo y Académico de los Programas de Posgrado de la Universidad Nacional de Ingeniería

Presenta un análisis sobre el funcionamiento administrativo organizativo y académico de los programas de posgrado a partir de discursos escritos y de los distintos actores del sistema de estudios de posgrado de la UNI.

Bibliographic Details
Main Author: Borge Pérez, Salomón
Other Authors: Tutor: Duriéz González, Maribel
Format: Tesis Section = Libro
Language:Undetermined
Spanish
Published: Managua UNI 2010
Subjects:
LEADER 01057nam a2200241Ia 4500
008 240830s9999 xx 000 0 und d
040 |a BIBLIOTECA-RUSB/ M.Mon 378.1553 B732 
041 |a spa 
082 |a M.Mon 378.1553 B732 
100 1 |a Borge Pérez, Salomón 
245 1 0 |a Funcionamiento Administrativo y Académico de los Programas de Posgrado de la Universidad Nacional de Ingeniería 
260 |a Managua  |b UNI  |c 2010 
300 |a 74 p. :il. 
500 |a Contiene: anexos e Incluye: CD. 
502 |a Tesis (Máster en Gestión Universitaria) - UNI, 2010. 
520 3 |a Presenta un análisis sobre el funcionamiento administrativo organizativo y académico de los programas de posgrado a partir de discursos escritos y de los distintos actores del sistema de estudios de posgrado de la UNI. 
650 7 |a PROGRAMA DE POSGRADO 
650 7 |b  ADMINISTRACIÓN DE PROGRAMAS DE ESTUDIOS DE ESPECIALIZACIÓN 
650 7 |c  CURRICULO POSGRADO 
700 1 |a Tutor:  |b Duriéz González, Maribel 
942 |c BK  |2 ddc 
991 |a TESIS 
999 |c 19281